00438nam a2200121Ia 4500003000400000005001700004008004100021040001800062041000800080100005400088245013600142260003800278OSt20260121110908.0211028s2014 xx 000 0 und d cAIMIT LIBRARY aeng aD Souza, Suman Maria; Amin, Venkatesh S.g1216142 aStudy on employee satisfaction to overcome high employee turnover faced by Mangalore chemicals and fertilizers limited Mangalore / aMangalorebVenkatesh S Aminc2014